[Event "SVK-chT rapid"]
[Site "Poprad"]
[Date "2025.??.??"]
[Round "1.30"]
[White "Cmil, Samuel"]
[Black "Solcan, Martin"]
[Result "0-1"]
[WhiteElo "1659"]
[BlackElo "2216"]
[PlyCount "46"]
[EventDate "2025.05.04"]
[EventType "team-swiss (rapid)"]
[EventRounds "7"]
[EventCountry "SVK"]
[SourceTitle "CB19_2025"]
[SourceDate "2025.05.07"]
[SourceVersion "1"]
[SourceVersionDate "2025.05.07"]
[SourceQuality "1"]

1. e4 c5 2. Nf3 g6 3. d4 cxd4 4. Qxd4 Nf6 5. Nc3 Nc6 6. Qe3 Bg7 7. Bc4 0-0 8. 0-0 d6 9. h3 a6 10. Qe2 b5 11. Bd5 Bb7 12. a3 Rc8 13. Bg5 h6 14. Bf4 Nxd5 15. exd5 Na5 16. Rfe1 Re8 17. Qd3 Nc4 18. Nd1 Nxb2 19. Nxb2 Bxb2 20. Rab1 Bg7 21. a4 Rc4 22. Bd2 Rxa4 23. Rec1 Qa8 0-1

[Event "SVK-ch U12"]
[Site "Liptovsky Mikulas"]
[Date "2016.04.22"]
[Round "8"]
[White "Kostelansky, Karol"]
[Black "Cmil, Samuel"]
[Result "0-1"]
[WhiteElo "1000"]
[BlackElo "1200"]
[PlyCount "118"]
[EventDate "2016.04.16"]
[EventType "swiss"]
[EventRounds "9"]
[EventCountry "SVK"]
[SourceTitle "CBM 172 Extra"]
[Source "ChessBase"]
[SourceDate "2016.06.21"]
[SourceVersion "1"]
[SourceVersionDate "2016.06.21"]
[SourceQuality "1"]

1. Nf3 Nf6 2. d4 e6 3. c4 b6 4. Nc3 Bb4 5. Bd2 Bb7 6. e3 d6 7. Qa4+ Nc6 8. a3 Bxc3 9. Bxc3 0-0 10. Bd3 Nb8 11. Qd1 Nbd7 12. 0-0 c5 13. b4 Qc7 14. Qc2 Rac8 15. Ng5 h6 16. Ne4 cxd4 17. Nxf6+ Nxf6 18. Bxd4 e5 19. Bb2 Qc6 20. f3 Rfe8 21. Rac1 Re7 22. Qf2 Rec7 23. Bf5 Rd8 24. Bh3 Qe8 25. Qg3 Bc8 26. f4 Ne4 27. Qh4 Qe7 28. Qh5 Bxh3 29. Qxh3 Rdc8 30. fxe5 dxe5 31. Qh5 f6 32. Qd1 Nd6 33. Qd5+ Kh8 34. c5 bxc5 35. bxc5 Nb7 36. Bc3 Qxc5 37. Qf3 Qxa3 38. Rb1 Qxc3 39. Rxb7 Rxb7 40. Qxb7 Qxe3+ 41. Kh1 Rc1 42. Qb5 Qf4 43. Kg1 Rxf1+ 44. Qxf1 Qxf1+ 45. Kxf1 Kg8 46. Ke2 Kf7 47. Kd3 Ke6 48. Kc4 Kd6 49. Kb5 a6+ 50. Kxa6 e4 51. Kb5 e3 52. Kc4 e2 53. Kc3 e1Q+ 54. Kd4 Qe5+ 55. Kd3 Qf4 56. g3 Qf2 57. h3 Qxg3+ 58. Ke4 Qxh3 59. Kd4 Qh5 0-1

[Event "SVK-ch U12"]
[Site "Liptovsky Mikulas"]
[Date "2016.04.18"]
[Round "4"]
[White "Cedzo, Adam"]
[Black "Cmil, Samuel"]
[Result "1-0"]
[WhiteElo "1497"]
[BlackElo "1200"]
[PlyCount "53"]
[EventDate "2016.04.16"]
[EventType "swiss"]
[EventRounds "9"]
[EventCountry "SVK"]
[SourceTitle "CBM 172 Extra"]
[Source "ChessBase"]
[SourceDate "2016.06.21"]
[SourceVersion "1"]
[SourceVersionDate "2016.06.21"]
[SourceQuality "1"]

1. e4 c5 2. f4 Nc6 3. Nf3 e6 4. d3 d5 5. Nc3 d4 6. Ne2 f6 7. Ng3 Qc7 8. Be2 Bd6 9. Qd2 Nge7 10. Bd1 Bd7 11. 0-0 0-0-0 12. c3 e5 13. fxe5 fxe5 14. cxd4 exd4 15. Qf2 Rdf8 16. Bg5 h6 17. Bxe7 Nxe7 18. Qe1 Rfg8 19. e5 Ng6 20. exd6 Qxd6 21. Ne4 Qc7 22. Bb3 Re8 23. Bf7 Qb6 24. Bxe8 Rxe8 25. Rc1 Kb8 26. Qg3+ Ka8 27. Nxc5 1-0

[Event "SVK-ch U12"]
[Site "Liptovsky Mikulas"]
[Date "2016.04.17"]
[Round "2"]
[White "Hadzala, Jan"]
[Black "Cmil, Samuel"]
[Result "0-1"]
[WhiteElo "1000"]
[BlackElo "1200"]
[PlyCount "84"]
[EventDate "2016.04.16"]
[EventType "swiss"]
[EventRounds "9"]
[EventCountry "SVK"]
[SourceTitle "CBM 172 Extra"]
[Source "ChessBase"]
[SourceDate "2016.06.21"]
[SourceVersion "1"]
[SourceVersionDate "2016.06.21"]
[SourceQuality "1"]

1. e4 c5 2. Bc4 Nc6 3. c3 Nf6 4. Qb3 e6 5. d3 a6 6. Bg5 b5 7. Bxf6 Qxf6 8. Bxb5 axb5 9. Qxb5 Qd8 10. Na3 Ba6 11. Qb3 Bxd3 12. f3 Ba6 13. 0-0-0 Rb8 14. Qa4 Qb6 15. Qc2 Be7 16. b3 Rb7 17. c4 Nb4 18. Qc3 Nxa2+ 19. Kc2 Nxc3 20. Kxc3 Qxb3+ 21. Kd2 Qxa3 22. Ne2 Qb2+ 23. Ke1 Bxc4 24. Rd2 Qb4 25. Rf1 Bg5 26. f4 Bxe2 27. Rf2 Bxf4 28. Rxf4 Bh5 29. g3 Qb1+ 30. Kf2 Rb2 31. Rxb2 Qxb2+ 32. Kg1 0-0 33. Rf2 Qd4 34. Kg2 Qxe4+ 35. Kg1 Rb8 36. Ra2 Qb1+ 37. Kg2 Qxa2+ 38. Kh3 Rb2 39. Kh4 Rxh2+ 40. Kg5 f6+ 41. Kf4 Qd2+ 42. Ke4 Re2# 0-1

[Event "SVK-ch U12"]
[Site "Liptovsky Mikulas"]
[Date "2016.04.16"]
[Round "1"]
[White "Cmil, Samuel"]
[Black "Brnusak, Tomas"]
[Result "0-1"]
[WhiteElo "1200"]
[BlackElo "1615"]
[PlyCount "66"]
[EventDate "2016.04.16"]
[EventType "swiss"]
[EventRounds "9"]
[EventCountry "SVK"]
[SourceTitle "CBM 172 Extra"]
[Source "ChessBase"]
[SourceDate "2016.06.21"]
[SourceVersion "1"]
[SourceVersionDate "2016.06.21"]
[SourceQuality "1"]

1. e4 c5 2. Nf3 e6 3. d4 cxd4 4. Nxd4 Nc6 5. Nc3 Qc7 6. Be2 a6 7. Be3 Nf6 8. Qd2 Bb4 9. Bf3 Ne5 10. Nde2 Nc4 11. Qd4 e5 12. Qd1 Nxb2 13. Qb1 Bxc3+ 14. Nxc3 Qxc3+ 15. Bd2 Qa3 16. Bc1 Qb4+ 17. Bd2 Qb6 18. Be3 Qb5 19. Be2 Nc4 20. Qd1 Qb4+ 21. Kf1 Nxe3+ 22. fxe3 b6 23. Bf3 Bb7 24. Rb1 Qc5 25. Qd3 b5 26. Kf2 Rc8 27. Rbc1 Qc4 28. a3 Nxe4+ 29. Bxe4 Bxe4 30. Qd6 Qd5 31. Qxa6 Qd2+ 32. Kg3 Qxe3+ 33. Kg4 Qf4+ 0-1

[Event "SVK-ch U10"]
[Site "Tatralandia"]
[Date "2015.04.19"]
[Round "2"]
[White "Lovcican, Tomas"]
[Black "Cmil, Samuel"]
[Result "0-1"]
[WhiteElo "1207"]
[BlackElo "1000"]
[PlyCount "110"]
[EventDate "2015.04.18"]
[EventType "swiss"]
[EventRounds "9"]
[EventCountry "SVK"]
[SourceTitle "CBM 166 Extra"]
[Source "ChessBase"]
[SourceDate "2015.06.18"]
[SourceVersion "1"]
[SourceVersionDate "2015.06.18"]
[SourceQuality "1"]

1. e4 e5 2. Nf3 Nc6 3. Bc4 Bc5 4. d3 h6 5. Be3 Bxe3 6. fxe3 Nf6 7. Nc3 d6 8. h3 0-0 9. 0-0 a6 10. a3 b5 11. Bd5 Nxd5 12. exd5 Ne7 13. d4 Nf5 14. Qe1 Re8 15. e4 Nxd4 16. Qf2 Nxf3+ 17. Qxf3 Qf6 18. Qxf6 gxf6 19. Rxf6 Kg7 20. Raf1 Re7 21. Ne2 a5 22. Ng3 b4 23. Nh5+ Kh7 24. Rxf7+ Rxf7 25. Rxf7+ Kg6 26. Rf5 Bxf5 27. Ng3 Bd7 28. Kf2 bxa3 29. bxa3 Rb8 30. Ke3 Rb2 31. Kd2 Ra2 32. Ne2 Rxa3 33. c4 a4 34. Nc3 Rb3 35. Kc2 Rb8 36. Kc1 a3 37. Kc2 c6 38. Kc1 cxd5 39. cxd5 Rc8 40. Kd2 Ba4 41. Kd3 Bb3 42. g4 a2 43. Nxa2 Bxa2 44. Ke2 h5 45. Kf3 hxg4+ 46. hxg4 Kg5 47. Kf2 Kxg4 48. Ke2 Kf4 49. Kd2 Rh8 50. Kc2 Kxe4 51. Kd2 Bxd5 52. Ke2 Rh2+ 53. Kf1 Kf3 54. Ke1 Bb3 55. Kf1 Rh1# 0-1